Escudos y emblemas - Estadísticas

Estadísticas generales
  • Esta prueba ha sido intentada 219 veces
  • La puntuación promedio es 99 de 197
Estadísticas de respuestas
Imagen Respuesta % Correcto
Croacia
94%
Islandia
94%
Albania
92%
Italia
92%
Malta
91%
Portugal
91%
Eslovaquia
90%
Micronesia
88%
Siria
88%
Australia
87%
Cabo Verde
86%
Camerún
86%
Andorra
85%
Austria
85%
Corea del Sur
85%
Irak
85%
Madagascar
85%
Suiza
85%
China
83%
Kosovo
83%
México
83%
República Dominicana
83%
Túnez
83%
Bosnia y Herzegovina
82%
Ecuador
82%
Eslovenia
82%
Kenia
82%
Mauritania
82%
Mozambique
82%
Vietnam
82%
Brasil
81%
Colombia
81%
Egipto
81%
Líbano
81%
Nueva Zelanda
81%
Somalia
81%
Togo
81%
Costa Rica
79%
España
79%
Grecia
79%
Liberia
79%
República Centroafricana
79%
Kiribati
78%
Maldivas
78%
Argentina
77%
Kuwait
77%
Perú
77%
Polonia
77%
Burkina Faso
76%
Comoras
76%
Haití
76%
Alemania
74%
Eritrea
74%
Bolivia
73%
Emiratos Árabes Unidos
72%
Irán
72%
Tonga
72%
Afganistán
71%
Ciudad del Vaticano
71%
Irlanda
71%
Islas Marshall
71%
Israel
71%
Moldavia
71%
Tanzania
71%
Baréin
69%
Bielorrusia
69%
El Salvador
69%
Marruecos
69%
Namibia
69%
Paraguay
69%
San Marino
69%
Zambia
69%
Nepal
68%
Chile
67%
Hungría
67%
Bélgica
65%
Panamá
65%
Uzbekistán
65%
Birmania
64%
Etiopía
64%
Palaos
64%
Samoa
64%
Uruguay
64%
Sri Lanka
63%
Taiwán
62%
Turkmenistán
62%
Honduras
60%
Reino Unido
60%
Angola
59%
Belice
58%
Costa de Marfil
56%
Japón
56%
Tayikistán
56%
Catar
55%
Corea del Norte
55%
Palestina
55%
Timor Oriental
54%
Malí
53%
Níger
53%
Venezuela
53%
Francia
50%
Ruanda
50%
Tuvalu
50%
Yemen
50%
Nicaragua
49%
Botsuana
47%
Estados Unidos
47%
Guinea
47%
Montenegro
47%
Filipinas
46%
India
46%
Omán
46%
Argelia
45%
Azerbaiyán
45%
Singapur
44%
Turquia
44%
Jordania
42%
Laos
42%
Países Bajos
42%
Ghana
41%
Mongolia
41%
Luxemburgo
40%
Dominica
38%
Senegal
38%
Sudán del Sur
38%
Kazajistán
36%
Ucrania
36%
Suazilandia
35%
Camboya
33%
Georgia
33%
Guatemala
33%
Serbia
33%
Fiyi
32%
Pakistán
31%
Suecia
31%
Tailandia
31%
Arabia Saudi
29%
Dinamarca
29%
Mónaco
29%
Nauru
29%
República Checa
29%
Zimbabue
29%
Chipre
28%
Papúa Nueva Guinea
28%
Bután
27%
Canadá
27%
Cuba
26%
República del Congo
26%
Rumania
26%
Rusia
26%
Trinidad y Tobago
26%
Sudán
24%
Bulgaria
23%
Guinea Ecuatorial
23%
Kirguistán
23%
República Democrática del Congo
23%
Gabón
22%
Mauricio
22%
Sudáfrica
22%
Brunéi
21%
Letonia
21%
Santo Tomé y Príncipe
21%
Estonia
19%
Surinam
18%
Antigua y Barbuda
17%
Guinea Bisáu
15%
Nigeria
15%
Granada
14%
Libia
14%
Lituania
14%
Macedonia del Norte
14%
Noruega
14%
San Vicente y las Granadinas
14%
Bahamas
13%
Barbados
13%
Jamaica
13%
Liechtenstein
13%
Seychelles
13%
Indonesia
12%
Malasia
12%
Santa Lucía
12%
Malaui
10%
Vanuatu
10%
Finlandia
9%
Chad
8%
Gambia
8%
Lesoto
8%
San Cristóbal y Nieves
8%
Yibuti
8%
Armenia
6%
Bangladés
6%
Guyana
6%
Sierra Leona
6%
Uganda
6%
Benín
4%
Burundi
4%
Islas Salomón
4%
No se encontraron pruebas coincidentes
Distribución de puntuación
Porcentaje de gente con cada puntuación
Porcentaje por número respondido
Historial de tus puntuaciones
No has intentado esta prueba.